000 00546nam a2200205 a 4500
001 4446
003 CO-ViMGA
008 141112s2004 ck r 000 u spa d
020 _a9684322674
040 _aCO-ViMGA
_bspa
_cCO-ViMGA
082 _a891.73 D677h
100 1 _aDostoyevski, Fedor Mijailovich
_94025
245 1 0 _aLos hermanos Karamazov /
_cFedor Dostoyevski
260 _aMexico :
_bPorrĂșa,
_c1995
300 _a490 p
490 _aSepan cuantos, 106
590 _aEjemplares : 2
650 1 4 _aNOVELA RUSA
_94026
942 _2ddc
_cBK
999 _c10619
_d10619